00887 a2200193 4500020001500000040001300015082001600028245007300044260003700117300002800154650004500182700003000227856008500257856007300342942002900415999001500444952011700459952011700576 a0070017905 aDLCbDLC00a515.028536900aCalculus projects using Mathematica cAlfred D. Andrew ... [et al.]. aNew York :bMcGraw-Hill,cc1996. a200 p. :bill ;c26 cm. 0aCalculusxComputer-assisted instruction.1 aAndrew, Alfred D.,d1946-423Publisher descriptionuhttp://www.loc.gov/catdir/description/mh022/95081741.html423Table of contentsuhttp://www.loc.gov/catdir/toc/mh022/95081741.html cBKk515.0285369 AND2ddc c7545d7545 001040708NFICaCLbCLcGENd2003-08-01eDonationl0o515.0285369 ANDpSEECS003711r2012-11-14w2017-01-05yBK 001040708NFICaCLbCLcGENd2003-08-01eDonationl0o515.0285369 ANDpSEECS003712r2012-11-14w2017-01-05yBK